000 00640nam a2200253 a 4500
003 AR-BaBNM
005 20251128202839.0
008 082120s2002 ||||||||||||||000 | spa||
040 _cAR-BaBNM
100 1 _aMandrioni, Héctor Delfor
245 0 0 _aSobre el amor y el poder
260 _aBuenos Aires
_bColumba
_c1973
300 _a333 p.
490 0 _aNuevos esquemas
_vv. 30
650 4 _aESCUELAS FILOSOFICAS
650 4 _aFILOSOFIA DEL ESPIRITU
650 4 _aFILOSOFIA LITERARIA
650 4 _aAMOR
650 4 _aPSICOLOGIA AFECTIVA
650 4 _aLITERATURA
650 4 _aCRITICA LITERARIA
942 _cBK
998 _cMARTIN
999 _c868
_d868